| 000 | 01158cam a2200325 a 4500 | ||
|---|---|---|---|
| 001 | 73953 | ||
| 003 | UkOxU | ||
| 005 | 20211209082451.0 | ||
| 008 | 080813s2009 dcua b 001 0 eng | ||
| 020 |
_a9780821377383 (pbk.) _c$25.00 |
||
| 035 | _a(BD-RjUL)74171 | ||
| 035 | _a(UkLCURL)03b26511745 | ||
| 038 | _aUkLCURL | ||
| 040 |
_aDLC _cDLC _dBD-RjUL _beng |
||
| 041 | _aeng | ||
| 082 | 0 | 0 |
_a338.4337868 _222 _bACC 2009 |
| 090 |
_aGla _bEducation L35.A4 2009-W |
||
| 245 | 0 | 0 |
_aAccelerating catch-up : _btertiary education for growth in Sub-Saharan Africa. |
| 260 |
_aWashington, DC : _bWorld Bank, _cc2009. |
||
| 300 |
_axxxi, 180 p. : _bill. ; _c23 cm. |
||
| 490 | 1 | _aDirections in development. Human development | |
| 504 | _aIncludes bibliographical references (p. 135-157) and index. | ||
| 650 | 0 |
_aEducation, Higher _xEconomic aspects _zAfrica, Sub-Saharan. _9219501 |
|
| 650 | 0 |
_aEconomic development _zAfrica, Sub-Saharan. _9219502 |
|
| 710 | 2 |
_aWorld Bank. _bAFTHD. _9219503 |
|
| 710 | 2 |
_aWorld Bank. _bDECRG. _9219504 |
|
| 830 | 0 |
_aDirections in development (Washington, D.C.). _9219506 |
|
| 942 |
_2ddc _cBK |
||
| 999 |
_c73953 _d73953 |
||